000 00352pam a2200157a 44500
008 230515b1911 xxu||||| |||| 00| 0 eng d
020 _aNULL
041 _aSANSKRIT
082 _a1
100 _aBHRUADARUNY
245 _aBHRUADARUNYAKOPNISHID
250 _a1
260 _aSANGALI
_bN.D.
_c1911
300 _a100
650 _aBHRUADARUNYAKOPNISHID
999 _c496986
_d496986